Famous Adams Quiz - Statistics

General Stats
  • This quiz has been taken 141 times
  • The average score is 6 of 15
Answer Stats
Clue Famous Adam % Correct
Actor of "Happy Gilmore" Adam Sandler
88%
He was Batman in a TV show between 1966–1968 Adam West
75%
Lead singer of Maroon 5 Adam Levine
70%
Portrayed Kylo Ren and starred in "Marriage Story" Adam Driver
65%
Author of "The Wealth of Nations" Adam Smith
59%
British singer with a type of insect as his last name (or 'stage last name') Adam Ant
53%
Portrayed Seth in "The O.C.", no relation to "The Pianist" star Adam Brody
35%
American Idol runner-up who sang "Whataya Want from Me" Adam Lambert
31%
"Chicago Hope" star who is the son of a famous Alan Adam Arkin
27%
Actor who portrayed Ben in "Parks and Recreation" or the 2013 Masters golf champion Adam Scott
26%
Bass guitarist of U2 Adam Clayton
22%
"Mythbusters" host Adam Savage
17%
Director of movies such as "Anchorman", "The Big Short" and "Talladega Nights" Adam McKay
14%
Founder and namesake of a major German automobile company Adam Opel
13%
Pitcher who played his entire career with the Cardinals from 2005–2023 Adam Wainwright
12%
No matching quizzes found
Score Distribution
Percent of People with Each Score
Percentile by Number Answered
Your Score History
You have not taken this quiz